| 000 | 01105nam a22003017a 4500 | ||
|---|---|---|---|
| 001 | 9428 | ||
| 003 | FISKH | ||
| 005 | 20260106142210.0 | ||
| 008 | 260106b cb ||||| |||| 00| 0 eng d | ||
| 020 | _a076783003996 | ||
| 040 |
_aFISKH _beng _cFISKH _dFISKH |
||
| 050 | _aPZ7.T21723 M | ||
| 082 | _a813.54 | ||
| 100 | _aTaylor , Mildred D. | ||
| 245 |
_aMississippi Bridge / _cBy Mildred D. Taylor : Illustrated by Max Ginsburg |
||
| 260 |
_aNew York : _bA Bantam Skylark Book , _c1990 . |
||
| 300 |
_a62 pages : _billustrations ; _c19 cm . |
||
| 490 |
_aLogan Family _v(4.5) |
||
| 505 | _aT | ||
| 520 | _aDuring a heavy rainstorm in 1930s rural Mississippi, a ten-year-old white boy sees a bus driver order all the black passengers off a crowded bus to make room for late-arriving white passengers and then set off across the raging Rosa Lee River. | ||
| 521 | 8 |
_a810
_bLexile |
|
| 521 | 8 |
_aT
_bRaz-Plus |
|
| 650 |
_aGreat Depression _vFiction |
||
| 650 |
_aRace relations _vFiction |
||
| 700 |
_aGinsburg , Max _eIllustrator |
||
| 942 |
_2ddc _cBK _n0 |
||
| 999 |
_c9428 _d9428 |
||